| 000 | 00487cam a2200169 4500 | ||
|---|---|---|---|
| 082 | 0 | 0 |
_a669 _bMET _cL-17, P-72 |
| 100 |
_aMir Publishers _944910 |
||
| 245 | 0 | 0 | _aMetallurgist's handbook. |
| 250 | _a2d ed. | ||
| 260 |
_aMoscow, _bMir, _c1968. |
||
| 300 |
_a371 p. _bwith diagrs. _c17 cm. |
||
| 500 | _aTranslation of Spravochnik metallurga. | ||
| 526 |
_a0 _b0 _c0 _d669_000000000000000__MET |
||
| 650 | 0 |
_aMCE _9379 |
|
| 650 | 0 |
_aSteel _xHandbooks, manuals, etc. _944911 |
|
| 942 |
_2ddc _cBK |
||
| 999 |
_c548564 _d548564 |
||